000 01116nam a2200265 a 4500
008
020 _a0897913345 (pbk.)
049 _aMAIN
090 _aQA76.758PRO
100 1 _aInternational workshop on Software Configuration Management
_n(2nd :
_d1989 Oct. 24 :
_cPrinceton, NJ.)
245 1 0 _aProceedings of the 2nd International Workshop on Software Management Configuration [held at] Princeton, New Jersey [on] October 24, 1989 /
_csponsored by ACM, SIGSOFT, IEEE, CS Gesellschaft fur Informatik.
246 _aACM SIGSOFT Software engineering notes ; v. 17, no. 7, Nov. 1989.
260 _aNew York :
_bAssociation for Computing Machinery,
_c1989.
300 _aviii, 178 p. :
_bill. ;28 cm.
500 _aACM order no. 594891; IEEE order no. 2014.
504 _aIncludes bibliographical references.
650 1 _aSoftware configuration management.
710 _aIEEE.
710 _aAssociation for Computing Machinery.
907 _a.b10089512
_b11-09-12
_c23-09-03
003
005 20230123133426.0
040 _cNUST
942 _cBOOKS
_kQA76.758PRO
999 _c148369
_d148369